Forschunsfinanzierung in Europa Trends-Modelle Empfehlungen für Österreich

Saved in:
Bibliographic Details
Main Author: Felderer, Bernhard
Other Authors: Campbell, David F.J
Format: Book
Language:German
Published: Wien Manz 1994
Edition:1. Aufl.
Series:Wirtschaft
Subjects:
Tags: Add Tag
No Tags, Be the first to tag this record!

MARC

LEADER 00000nam a2200000 4500
001 c006167
005 20221205140535.8
020 |a 3-214-05998-X 
041 0 |a ger 
044 |a AT 
245 1 0 |a Forschunsfinanzierung in Europa  |b Trends-Modelle Empfehlungen für Österreich  |c Bernhard Felderer, David F.J. Campbell 
250 |a 1. Aufl. 
264 1 |a Wien  |b Manz  |c 1994 
300 |a 294 s. 
490 1 |a Wirtschaft 
830 0 |a Wirtschaft 
610 2 0 |a financovanie výskumu 
610 2 0 |a Európa 
610 2 0 |a Rakúsko 
610 2 0 |a porovnanie medzinárodné 
610 2 0 |a modely 
100 1 |a Felderer, Bernhard 
700 1 |a Campbell, David F.J.